Music Quiz

Random Music or Artist Quiz

I bet you can't finish the lyrics... Quiz Stats

 Plays Quiz not verified by Sporcle

Support Sporcle.
Go Orange.
Score 0/10 Timer 15:00
0 Plays Today
Lyric Complete it % Correct
Don't fake it babylay the real thing on me
75%
And all the weekend rockstars are in the toilets practicing their lines
50%
Tickles you pink, oh yeahbut it likes to hear you scream
25%
If you're gonna screamscream with me
25%
drink up one more timeand I'll make you mine
25%
these deepened wounds don't heal so fastcan't hear me croon
25%
The greatest singer in rock and roll Would have to be Romeo
25%
They mostly came from towns with long French namesBut one of the dozen was a hometown shame
25%
I like the line between your belly and your thighsThe smell of your hair, the sparkle in your eyes
25%
Oh, people are shouting, people are freaking I'm just staring at the ceiling
0%

You're not logged in!

Compare scores with friends on all Sporcle quizzes.
OR
Log In

From the Vault

Prostitutes in Literature

by THEJMAN

If you're looking for a thesis for your literature class, comparing character types is a good way to go.
Remove Ads.
Support Sporcle.
Get the best of Sporcle when you Go Orange. This ad-free experience offers more features, more stats, and more fun while also helping to support Sporcle. Thank you for becoming a member.

Show Comments

Extras

Created Mar 4, 2011ReportNominate
Tags:Artist Quiz, cant, complete, finish

Top Quizzes Today


Score Distribution

Your Account Isn't Verified!

In order to create a playlist on Sporcle, you need to verify the email address you used during registration. Go to your Sporcle Settings to finish the process.

Report this User

Report this user for behavior that violates our Community Guidelines.

Details: